000 00686nam a22002177a 4500
005 20251108172930.0
008 250721s1998 xx 000 0 ara d
082 1 4 _aط/ 628.168/مطل
100 1 _aمطلق، البير
245 1 0 _aالمطر الحامضي /
264 1 _aبيروت :
_bمكتبة لبنان،
_c1998.
300 _a32ص.
490 0 _aكتب الفراشة : حافظوا على البيئة
650 1 7 _aملوثات المياه
650 1 7 _aالمطر الحمضي
650 1 7 _aالتلوث بالنفط
650 1 7 _aمكافحة تلوث المياة
653 _aناشئون صغار (10-14 سنة)
942 _2ddc
_cBK
999 _c92157
_d92157